| 000 | 01536nam0a22003251 4500 | ||
|---|---|---|---|
| 001 | rc\4656952 | ||
| 005 | 20260407075259.0 | ||
| 021 |
_aRU _b[63-6081] |
||
| 035 | _a(NLR Aleph) 008694908 | ||
| 090 |
_a9262417 _c9262417 |
||
| 100 | _a20130416d1962 |||y0rusy50 ca | ||
| 101 | 0 | _arus | |
| 102 | _aRU | ||
| 105 | _aa z ||||| | ||
| 200 | 1 |
_aСоединение обучения с производительным трудом в условиях сельской школы _eМетод. пособие для учителя _f[Ред. коллегия: В.И. Селиванов (отв. ред.) и др.] _gРязан. гос. пед. ин-т. Рязан. обл. ин-т усовершенствования учителей |
|
| 210 |
_aРязань _cБ. и. _d1962 |
||
| 215 |
_a426 с., 12 л. ил. _cчерт. _d23 |
||
| 300 | _aАвт. глав: К.И. Епифанов, Т.И. Варламов, Д.С. Быков и др. | ||
| 320 | _aБиблиогр.: с. 405-406 | ||
| 606 |
_aПолитехническое обучение в сельской школе _2psbo |
||
| 701 | 1 |
_aЕпифанов _bК.И. |
|
| 701 | 1 |
_aБыков _bД.С. |
|
| 701 | 1 |
_aВарламов _bТ.И. |
|
| 702 | 1 |
_aСеливанов _bВ.И. _gВладимир Иванович _4340 |
|
| 712 | 0 | 2 |
_aРязанский педагогический институт им. С. А. Есенина _3RU\NLR\AUTH\884184 _9279765 |
| 801 | 0 |
_aRU _bNLR _gpsbo |
|
| 801 | 1 |
_aRU _bELAR _2rusmarc |
|
| 852 |
_aNLR _j63-5/1108 |
||
| 942 | _cBOOK | ||
| 980 | _aNB | ||